1814 1507 1150 1037 1108 1963 1081 1717 1734 1303 1077 1797 1711 1534 1266 1907 1280 1205 1619 1998 1780 1144 1701 1268 1414 1765 1681 1655 1406 1758 1861 1751 1078 1572 1198 1424 1529 1840 1429 1666 1680 1334 1992 1751 1177 1069 1173 1179 1777 1950 1321 1954 1942 1079 1902 1214 1175 1941 1536 1565 1200 1751 1454 1625 1682 1205 1948 1853 1952 1260 1677 1434 1021 1019 1065 1271 1218 1638 1953 1902 1837 1638 1265 1672 1423 1069 1406 1953 1878 1986 1556 1208 1279 1445 1109 1867 1453 1730 1996 BCNSPRNW ULIB Ver.6.0+V

เปลี่ยนเป็นภาษาไทย

Change to English
 แสดงรายละเอียดบรรณานุกรม
  กลับหน้าหลัก

Brief Record : Get Marc (ISO 2709) : E-mail record : QR code < ปิดหน้าต่าง
LEADER : 00000nam 2200000uu 4500
001    13399111899
003     ULIB
008    110711s2550||||th 000 0 tha d
020    9789749977705
050  4 DS586^bก677ก 2550
100 0  กิติวัฒนา (ไชยันต์) ปกมนตรี,^cม.ร.ว.
245 10 ก่อนเสด็จ...ลับเลือนหาย /^cม.ร.ว. หญิง กิติวัฒนา(ไชยันต์) ปกมนตร ; บรรณาธิการ ดนัย จันทร์เจ้าฉาย
246 30 ก่อนเสด็จลับเลือนหาย
250    พิมพ์ครั้งที่ 1
260    กรุงเทพฯ :^bดีเอ็มจี,^c2550
300    215 หน้า :^bภาพประกอบ ;^c24 ซม.
600 07 อานันทมหิดล,^cพระบาทสมเด็จพระปรเมนทรมหา,^d2468-2489
700 0  ดนัย จันทร์เจ้าฉาย,^eบรรณาธิการ
945    ^p199^l0^i022953
995    ทศพร
999 ^a ใช้งานได้ทุกระบบ
รายการนี้ยังไม่มีแท็ก
คุณยังไม่ได้ล็อกอิน คุณสามารถมีกิจกรรมร่วมกับเว็บไซต์ได้ แต่ต้องล็อกอินก่อน ::
  ล็อกอิน

รายการสื่อสารสนเทศ

ลำดับที่ ประเภท เลขเรียก/บาร์โค้ด สถานที่ สถานะ
- ไม่พบข้อมูล -

BibComment


ยังไม่เคยถูกคอมเมนท์

คอมเมนท์ทรัพยากรรายการนี้
  คอมเมนท์: ก่อนเสด็จลับเลือน..


 Copyright 2026. Bcnsprnw @Library